[Event "Foment Martinenc op-C 22nd"]
[Site "Barcelona"]
[Date "2022.06.18"]
[Round "9"]
[White "Ramon Garcia, Albert"]
[Black "Perez Canigueral, Pau"]
[Result "0-1"]
[WhiteElo "1700"]
[BlackElo "1408"]
[PlyCount "96"]
[EventDate "2022.04.23"]
[EventType "swiss"]
[EventRounds "9"]
[EventCountry "ESP"]
[SourceTitle "EXT 2023"]
[Source "ChessBase"]
[SourceDate "2022.10.05"]
[SourceVersion "1"]
[SourceVersionDate "2022.10.05"]
[SourceQuality "1"]

1. d4 d5 2. Bf4 Bf5 3. e3 e6 4. Be2 Nf6 5. Nd2 c5 6. c3 Nc6 7. Bb5 Qd7 8. e4 Nxe4 9. f3 Nd6 10. Be2 Be7 11. g4 Bg6 12. h4 f6 13. h5 Bf7 14. Qc2 cxd4 15. Nb3 dxc3 16. Nc5 Qc7 17. Qxc3 b6 18. h6 gxh6 19. Bxh6 bxc5 20. Bg7 Rg8 21. Bh6 e5 22. Bd3 Bg6 23. Bb5 Nxb5 24. Qd2 Qa5 25. b4 Qxb4 26. Be3 d4 27. a3 Qa5 28. Ke2 dxe3 29. Qxe3 Ncd4+ 30. Kf2 0-0-0 31. Rc1 Qxa3 32. Ne2 Nxe2 33. Kxe2 Qxe3+ 34. Kxe3 Rd3+ 35. Ke2 Nd4+ 36. Kf1 Rd8 37. Rb1 Rxf3+ 38. Kg2 Bxb1 39. Rxb1 e4 40. Re1 Nc2 41. Rxe4 Rdd3 42. Rxe7 Rg3+ 43. Kh2 Rxg4 44. Re8+ Kc7 45. Re7+ Kb6 46. Rxh7 Re4 47. Rh6 Re2+ 48. Kg1 Rd1# 0-1

[Event "Foment Martinenc op-C 22nd"]
[Site "Barcelona"]
[Date "2022.05.07"]
[Round "3"]
[White "Vilarasau Garrido, Joan"]
[Black "Ramon Garcia, Albert"]
[Result "1-0"]
[WhiteElo "1400"]
[BlackElo "1700"]
[PlyCount "63"]
[EventDate "2022.04.23"]
[EventType "swiss"]
[EventRounds "9"]
[EventCountry "ESP"]
[SourceTitle "EXT 2023"]
[Source "ChessBase"]
[SourceDate "2022.10.05"]
[SourceVersion "1"]
[SourceVersionDate "2022.10.05"]
[SourceQuality "1"]

1. e4 e5 2. Nf3 d6 3. d4 Nf6 4. Nc3 g6 5. d5 Bg7 6. Bg5 0-0 7. Bd3 Bg4 8. h3 Bd7 9. 0-0 c6 10. Re1 c5 11. Ne2 Qc7 12. Ng3 c4 13. Be2 Qc5 14. Be3 Qb5 15. b3 Qb4 16. a3 Qc3 17. Bd2 Qb2 18. Bxc4 h5 19. b4 b5 20. Ra2 Qd4 21. Nxd4 exd4 22. Bg5 Rc8 23. Bb3 Ne8 24. Qd2 Be5 25. Bh6 f6 26. f4 h4 27. fxe5 hxg3 28. exf6 Nxf6 29. Qg5 Kf7 30. Rf1 Ke7 31. Qxf6+ Ke8 32. Qf8# 1-0

[Event "Foment Martinenc op-C 22nd"]
[Site "Barcelona"]
[Date "2022.04.30"]
[Round "2"]
[White "Ramon Garcia, Albert"]
[Black "Amat Davins, Biel"]
[Result "0-1"]
[WhiteElo "1700"]
[BlackElo "1461"]
[PlyCount "56"]
[EventDate "2022.04.23"]
[EventType "swiss"]
[EventRounds "9"]
[EventCountry "ESP"]
[SourceTitle "EXT 2023"]
[Source "ChessBase"]
[SourceDate "2022.10.05"]
[SourceVersion "1"]
[SourceVersionDate "2022.10.05"]
[SourceQuality "1"]

1. e4 e5 2. Nf3 Nc6 3. Bc4 Bc5 4. 0-0 Nf6 5. Nc3 0-0 6. Ng5 h6 7. Nf3 d6 8. d3 Bg4 9. Qe2 Nd4 10. Qd2 Bxf3 11. Qe1 Nxc2 12. Qd2 Nxa1 13. Nb5 c6 14. b3 cxb5 15. Bxb5 a6 16. Ba4 b5 17. b4 Bxb4 18. Qxb4 bxa4 19. gxf3 Nc2 20. Qc3 Rc8 21. Qd2 Nd4 22. Ba3 Nxf3+ 23. Kg2 Nxd2 24. Rd1 Nh5 25. Rxd2 Qg5+ 26. Kf3 Qxd2 27. Kg4 Qf4+ 28. Kxh5 g6# 0-1